00448 2200169 4500001002100000008004100021035002000062245007000082100000800152260003200160300001300192020002200205084001400227082000800241650001000249990001900259INLIS000000000001604 ind  a0010-0724001604 aCatatan Harian Si Hantu GalaubJust Wanna Say,…I miss you!cxxx axxx aJakarta :bTransmediac2012 a160 hlm. a978-602-96824-2-7 a899 SET c a899 aFiksi aP29/CP/24/1604